000 00674nam a2200241 a 4500
001 54944
003 BD-RjUL
005 20211209080207.0
008 161113s1964 nyu 000 0 eng
035 _a(BD-RjUL)55066
040 _aDLC
_cOCP
_dBD-RjUL
_beng
041 _aeng
082 _223
_a633.720954
_bHAC 1964
100 1 _aHarler, C. R.
_q(Campbell R.)
_9163805
245 1 4 _aThe culture and marketing of tea /
_cC. R. Harler.
250 _a3rd ed.
260 _aNew York :
_bOxford University Press,
_c1964.
300 _axi, 262 p. :
_bill. ;
_c23 cm.
500 _aIncludes Index
650 0 _aTea.
_9134830
650 0 _aTea
_zIndia.
_9163806
942 _2ddc
_cBK
999 _c54944
_d54944